000 00971nas a2200325 4500
001 BR2012005080
003 BR-BrBNA
005 20231205120828.0
007 ta
008 230509b bl.|||p| |||| 00| 00por d
040 _aBR-BrBNA
_bpor
_cBiblioteca Nacional de Agricultura
041 _a(En)
072 _aQ53
100 1 _aPereyra, C.
100 1 _aPena, G.
100 1 _aCavaglieri, L.
100 1 _aKrüger, C.D.
100 1 _aKeller, K.M.
100 1 _aRosa, C.A. da R.
100 1 _aChiacchiera, S.M.
100 1 _aDalcero, A.M.
245 1 _aInfluence of poutry feed processing on mycobiota and ochratoxin and citrinin co-occurrence
650 _aFRANGO DE CORTE
650 _aCONTAMINAÇÃO
650 _aRAÇÃO
650 _aFUNGO
773 0 _tRevista Brasileira de Medicina Veterinária (Brazil)
_xISSN 0100-2430
_g(Jan-Mar 2009), v. 31(1) p. 51-58
_wBR2012005080
909 _a202311
_bLúcia
_c55
_dLúcia Elande
942 _2AGRIS
_n0
_cANA
999 _c220531
_d220531